Normal view MARC view

Entry Nombre personal

Number of records used in: 2

001 - NÚMERO DE CONTROL

  • campo de control: 49174

003 - IDENTIFICADOR DE NÚMERO DE CONTROL

  • campo de control: SpMaBN

005 - FECHA Y HORA DE LA ÚLTIMA TRANSACCIÓN

  • campo de control: 20250821043010.0

008 - ELEMENTOS DE DATO DE LONGITUD-FIJA

  • campo de control de longitud fija: 960614n| aijnnaabn |a aaa

016 ## - NÚMERO DE CONTROL DE UNA AGENCIA BIBLIOGRÁFICA NACIONAL

  • Número de control del registro: BNE19960550527

024 7# - IDENTIFICADOR DE OTROS ESTÁNDARES

  • Número estándar o código: http://viaf.org/viaf/89752946/
  • Fuente: viaf

024 8# - IDENTIFICADOR DE OTROS ESTÁNDARES

  • Número estándar o código: https://data.cervantesvirtual.com/person/4018

024 8# - IDENTIFICADOR DE OTROS ESTÁNDARES

  • Número estándar o código: http://pares.mcu.es:80/ParesBusquedas20/catalogo/autoridad/461 27

024 7# - IDENTIFICADOR DE OTROS ESTÁNDARES

  • Número estándar o código: https://isni.org/isni/0000000108377767
  • Fuente: isni

024 7# - IDENTIFICADOR DE OTROS ESTÁNDARES

  • Número estándar o código: http://www.wikidata.org/entity/Q157098
  • Fuente: wikidata

040 ## - FUENTE DE CATALOGACIÓN

  • Centro catalogador/agencia de origen: SpMaBN
  • Lengua de catalogación: spa
  • Centro/agencia transcriptor: SpMaBN
  • Normas de descripción: rdc
  • Convención/Normas de encabezamiento de materia/tesauro: embne

100 0# - ENCABEZAMIENTO-NOMBRE DE PERSONA

  • Nombre de persona: Felipe,
  • Títulos y otros términos asociados al nombre: Rey consorte de Juana I, Reina de Castilla

400 0# - TRAZADO DE VÉASE--NOMBRE DE PERSONA

  • Nombre de persona: Felipe,
  • Títulos y otros términos asociados al nombre: el Hermoso, Rey consorte de Juana I, Reina de Castilla

400 0# - TRAZADO DE VÉASE--NOMBRE DE PERSONA

  • Nombre de persona: Felipe
  • Numeración: I,
  • Títulos y otros términos asociados al nombre: Rey de Castilla

400 0# - TRAZADO DE VÉASE--NOMBRE DE PERSONA

  • Nombre de persona: Felipe
  • Numeración: I,
  • Títulos y otros términos asociados al nombre: Rey de España

670 ## - FUENTE DE DATOS ENCONTRADOS

  • Cita de la fuente: Felipe I, de Rogelio Pérez-Bustamante, José Manuel Calderón Ortega, 1995

670 ## - FUENTE DE DATOS ENCONTRADOS

  • Cita de la fuente: Dic. enc. Espasa
  • Información encontrada: (Felipe I el Hermoso; Rey consorte de España; n. en Brujas y m. en Burgos (1478-1506); las Cortes de Valladolid juraron por reina a Doña Juana y a él como legítimo marido; se le incluye tradicionalemente en la cronología de los reyes de España)